00281nam a2200121Ia 4500008004100000041000900041082001700050100001600067245001900083260004100102300000800143650000800151230718s9999 xx 000 0 und d aEng. a346.4bCHO-M aChodhry A.G 0aMercantile law aPakistanbKhyber law publisherc2010 a574 aLaw